|
|
|
|
| LEADER |
00763nab a2200205 i 4500 |
| 001 |
acta17469 |
| 005 |
20240325151134.0 |
| 008 |
161015s1962 hu o 0|| hun d |
| 022 |
|
|
|a 0586-3686
|
| 040 |
|
|
|a SZTE Egyetemi Kiadványok Repozitórium
|b hun
|
| 041 |
|
|
|a hun
|
| 100 |
1 |
|
|a Jósa Zoltán
|
| 245 |
1 |
2 |
|a A Felső-Tisza Ciliata-faunájának faunisztikai, ökológiai és cönológiai vizsgálata
|h [elektronikus dokumentum] /
|c Jósa Zoltán
|
| 260 |
|
|
|c 1962
|
| 300 |
|
|
|a 93-114
|
| 490 |
0 |
|
|a A Szegedi Pedagógiai Főiskola évkönyve
|
| 650 |
|
4 |
|a Természettudományok
|
| 650 |
|
4 |
|a Biológiai tudományok
|
| 695 |
|
|
|a Növényvilág - Tisza, Ökológia - Tisza
|
| 856 |
4 |
0 |
|u http://acta.bibl.u-szeged.hu/17469/1/tanarkepzo_1962_2_093-114.pdf
|z Dokumentum-elérés
|